[Event "Andorra open"]
[Site "Escaldes"]
[Date "2023.07.28"]
[Round "7.10"]
[White "Thakur, Akash"]
[Black "Zoler, Dan"]
[Result "1/2-1/2"]
[WhiteElo "2193"]
[BlackElo "2461"]
[PlyCount "64"]
[EventDate "2023.07.22"]
[EventCountry "AND"]

1. e4 c5 2. Nf3 d6 3. d4 cxd4 4. Nxd4 Nf6 5. f3 e5 6. Nb3 Be7 7. c4 O-O 8. Nc3
a5 9. Be3 a4 10. Nd2 Qa5 11. Be2 Bd8 12. Rc1 Be6 13. Nf1 Nc6 14. Qd2 Bb6 15.
Bxb6 Qxb6 16. Ne3 Nd4 17. O-O Rfc8 18. Kh1 Qb4 19. Rfd1 Rc6 20. Bd3 Rac8 21. f4
Ng4 22. Ned5 Bxd5 23. exd5 R6c7 24. h3 Nf6 25. Qf2 h6 26. Re1 Re8 27. g4 Rce7
28. g5 hxg5 29. fxg5 Nh5 30. Qh4 g6 31. Qf2 Nf4 32. Ne4 Kg7 {resto ilegible}
1/2-1/2

[Event "Andorra open"]
[Site "Escaldes"]
[Date "2023.07.28"]
[Round "7.11"]
[White "Ventura Bolet, Maxim"]
[Black "Romero Pallares, Daniel"]
[Result "1-0"]
[WhiteElo "2204"]
[BlackElo "2275"]
[PlyCount "85"]
[EventDate "2023.07.22"]
[EventCountry "AND"]

1. Nf3 Nf6 2. c4 g6 3. g3 Bg7 4. Bg2 O-O 5. d4 d6 6. Nc3 c6 7. e4 Be6 8. d5
cxd5 9. cxd5 Bg4 10. h3 Bxf3 11. Bxf3 Nbd7 12. O-O Qa5 13. Bg2 Rfc8 14. Be3 Ne5
15. Rb1 Nfd7 16. Bd4 Nc4 17. Bxg7 Kxg7 18. Qd4+ Kg8 19. Rfc1 Rc7 20. h4 h5 21.
a4 a6 22. b4 Qb6 23. Qxb6 Ncxb6 24. a5 Rac8 25. Ne2 Nc4 26. Bh3 Kf8 27. Bxd7
Rxd7 28. Rc3 Rdc7 29. Rbc1 Ke8 30. f3 Kd7 31. Kf2 Kd8 32. g4 Ne5 33. Rxc7 Rxc7
34. Rxc7 Kxc7 35. gxh5 gxh5 36. Nf4 Kd7 37. Nxh5 Nd3+ 38. Ke3 Nxb4 39. Nf4 Ke8
40. Kd2 Kf8 41. Kc3 Na2+ 42. Kb3 Nc1+ 43. Kb2 1-0

[Event "Andorra open"]
[Site "Escaldes"]
[Date "2023.07.28"]
[Round "7.12"]
[White "Urriza Iricibar, Pablo"]
[Black "Yuste Valenzuela, Alejandro"]
[Result "1-0"]
[WhiteElo "2257"]
[BlackElo "2146"]
[PlyCount "79"]
[EventDate "2023.07.22"]
[EventCountry "AND"]

1. e4 c5 2. Nc3 Nc6 3. g3 g6 4. Bg2 Bg7 5. d3 e5 6. Be3 d6 7. f4 Nge7 8. Nh3
Nd4 9. O-O Bd7 10. g4 Bh6 11. g5 Bg7 12. Qd2 O-O 13. Nd1 Qc8 14. Nhf2 Be6 15.
c3 Ndc6 16. Nh1 b6 17. Ng3 exf4 18. Bxf4 Qd7 19. Ne3 d5 20. exd5 Nxd5 21. Nxd5
Bxd5 22. Ne4 Rad8 23. Rae1 Bxe4 24. Bxe4 Be5 25. Qg2 Bxf4 26. Rxf4 Ne5 27. Re3
Qa4 28. b3 Qa3 29. Rf1 Qa5 30. Qb2 Rde8 31. Bd5 c4 32. bxc4 Nxc4 33. Bxf7+ Kg7
34. Qf2 Qxg5+ 35. Rg3 Qe5 36. dxc4 Re7 37. Rf3 Qg5+ 38. Kh1 Qh5 39. Qd4+ Qe5
40. Bd5 1-0

[Event "Andorra open"]
[Site "Escaldes"]
[Date "2023.07.28"]
[Round "7.13"]
[White "Lever, Erwan"]
[Black "Ohler, Julius"]
[Result "0-1"]
[WhiteElo "2252"]
[BlackElo "2141"]
[PlyCount "60"]
[EventDate "2023.07.22"]
[EventCountry "AND"]

1. d4 Nf6 2. c4 e6 3. g3 d5 4. Nf3 dxc4 5. Bg2 Nc6 6. Qa4 Bb4+ 7. Bd2 Nd5 8.
Qc2 Nb6 9. O-O Bxd2 10. Qxd2 O-O 11. Rd1 Qe7 12. Na3 Rd8 13. Qc3 e5 14. Nxe5
Nxe5 15. dxe5 Rxd1+ 16. Rxd1 Be6 17. Bxb7 Rb8 18. Be4 Na4 19. Qa5 Nxb2 20. Rc1
g6 21. Nc2 Qd7 22. Rb1 Rb5 23. Qxa7 Rxe5 24. f4 Rb5 25. Nd4 Rb6 26. e3 c3 27.
Qa5 Na4 28. Rxb6 Nxb6 29. a3 Bd5 30. Bc2 Qh3 0-1

[Event "Andorra open"]
[Site "Escaldes"]
[Date "2023.07.28"]
[Round "7.14"]
[White "Persson, Andreas"]
[Black "Krivenko, Dion"]
[Result "1-0"]
[WhiteElo "2135"]
[BlackElo "2250"]
[PlyCount "81"]
[EventDate "2023.07.22"]
[EventCountry "AND"]

1. d4 Nf6 2. Nf3 g6 3. g3 Bg7 4. Bg2 O-O 5. O-O d6 6. b3 a5 7. Bb2 a4 8. c4 c6
9. b4 Nbd7 10. a3 e5 11. dxe5 Ng4 12. Qc2 Ndxe5 13. Nbd2 h5 14. Rad1 Qe7 15.
Ne4 Bf5 16. Nh4 Bxe4 17. Bxe4 Qe6 18. Rc1 Bh6 19. e3 Bxe3 20. fxe3 Nxe3 21. Qc3
N3xc4 22. Ba1 Rad8 23. Bg2 Rfe8 24. Rce1 d5 25. Qd4 Qg4 26. Rf4 Qg5 27. Bf1
Nxa3 28. Rxe5 Rxe5 29. Qxe5 Qxe5 30. Bxe5 g5 31. Rf3 Nc2 32. Nf5 Nxb4 33. Nh6+
Kh7 34. Nxf7 Ra8 35. Nxg5+ Kg8 36. Bh3 Re8 37. Be6+ Rxe6 38. Nxe6 Nc2 39. Rf8+
Kh7 40. Nf4 Kh6 41. h4 1-0

[Event "Andorra open"]
[Site "Escaldes"]
[Date "2023.07.28"]
[Round "7.15"]
[White "Ellis, Antoine"]
[Black "Rojano Alfonso, Carlos"]
[Result "1-0"]
[WhiteElo "2084"]
[BlackElo "2239"]
[PlyCount "73"]
[EventDate "2023.07.22"]
[EventCountry "AND"]

1. Nf3 e6 2. c4 f5 3. g3 Nf6 4. Bg2 d6 5. O-O Be7 6. d4 O-O 7. b3 Qe8 8. Bb2
Qh5 9. Nc3 Nbd7 10. e3 Qh6 11. Qc2 g5 12. d5 Ng4 13. h3 Nge5 14. Nxe5 Nxe5 15.
f4 Nf7 16. dxe6 Bxe6 17. g4 c6 18. gxf5 Bd7 19. Rad1 Rae8 20. Kh2 Bf6 21. Rf3
Qg7 22. Rg1 Kh8 23. Bf1 Rg8 24. Rfg3 Nh6 25. Rxg5 Bxg5 26. Ne4 Bxf5 27. Bxg7+
Rxg7 28. Qc3 Bxe4 29. Rxg5 Nf5 30. Qf6 h6 31. Rxf5 Bxf5 32. Qxf5 Rxe3 33. Qf8+
Kh7 34. Bd3+ Rxd3 35. Qf5+ Rg6 36. Qxd3 Kg7 37. Qd4+ 1-0

[Event "Andorra open"]
[Site "Escaldes"]
[Date "2023.07.28"]
[Round "7.16"]
[White "Cano Sevilla, Ivan"]
[Black "Alvarez Albiol, Victor"]
[Result "1/2-1/2"]
[WhiteElo "2074"]
[BlackElo "2214"]
[PlyCount "34"]
[EventDate "2023.07.22"]
[EventCountry "AND"]

1. d4 Nf6 2. Bf4 c5 3. e3 d5 4. c3 Nc6 5. Nd2 Bf5 6. Qb3 Qc8 7. c4 e6 8. Ngf3
Be7 9. Be2 O-O 10. dxc5 Bxc5 11. O-O h6 12. Rac1 Be7 13. cxd5 exd5 14. Ne5 Qe6
15. Ndf3 Nxe5 16. Bxe5 b6 17. Bg3 Bc5 1/2-1/2

[Event "Andorra open"]
[Site "Escaldes"]
[Date "2023.07.28"]
[Round "7.17"]
[White "Glimbrant, Torbjorn"]
[Black "Miranda Mesa, Elier"]
[Result "0-1"]
[WhiteElo "2144"]
[BlackElo "2503"]
[PlyCount "65"]
[EventDate "2023.07.22"]
[EventCountry "AND"]

1. Nf3 d5 2. d4 Nf6 3. c4 dxc4 4. e3 Bg4 5. Bxc4 e6 6. O-O a6 7. h3 Bh5 8. Nc3
Nc6 9. Re1 Be7 10. b3 O-O 11. Bb2 Bd6 12. Be2 Qe7 13. a3 Rad8 14. b4 Bg6 15. b5
axb5 16. Nxb5 Ra8 17. Nxd6 cxd6 18. Bd3 Rfc8 19. Bxg6 hxg6 20. Qd3 d5 21. Nd2
Ne8 22. e4 dxe4 23. Nxe4 Nc7 24. Qg3 Rd8 25. Rad1 Ra5 26. Kh1 Rad5 27. Rc1 Nb5
28. Nc3 Nxc3 29. Rxc3 Qd6 30. Qxd6 R8xd6 31. Rb3 Na5 32. Rb4 Rc6 {resto
ilegible} 33. Rc1 0-1

[Event "Andorra open"]
[Site "Escaldes"]
[Date "2023.07.28"]
[Round "7.18"]
[White "Ayats Llobera, Gerard"]
[Black "Martinez Martinez, Mateo"]
[Result "1-0"]
[WhiteElo "2452"]
[BlackElo "2093"]
[PlyCount "61"]
[EventDate "2023.07.22"]
[EventCountry "AND"]

1. e4 c5 2. Nf3 d6 3. d4 cxd4 4. Nxd4 Nf6 5. Nc3 a6 6. h3 e5 7. Nb3 Be6 8. f4
exf4 9. Bxf4 Nc6 10. Qe2 Be7 11. O-O-O Bxb3 12. cxb3 Qc7 13. g4 h6 14. Kb1 Ne5
15. Rg1 b5 16. g5 hxg5 17. Bxg5 Rc8 18. Rc1 Qb7 19. Bg2 Ng8 20. h4 Bxg5 21.
hxg5 Ne7 22. Rh1 Rxh1 23. Rxh1 N7g6 24. Nd5 Qa7 25. Bh3 Rc6 26. Bf5 Qc5 27. a3
a5 28. Qh2 Nf8 29. Qh8 Neg6 30. Bxg6 fxg6 31. Qxg7 1-0

[Event "Andorra open"]
[Site "Escaldes"]
[Date "2023.07.28"]
[Round "7.19"]
[White "Gomez Anadon, Daniel"]
[Black "Lubbe, Melanie"]
[Result "0-1"]
[WhiteElo "2127"]
[BlackElo "2256"]
[PlyCount "68"]
[EventDate "2023.07.22"]
[EventCountry "AND"]

1. e4 c5 2. Nf3 e6 3. d4 cxd4 4. Nxd4 Nf6 5. Nc3 Nc6 6. Be2 Qc7 7. O-O a6 8.
Be3 d6 9. f4 Be7 10. a4 O-O 11. Kh1 Bd7 12. Nb3 Nb4 13. Bf3 e5 14. Rf2 b5 15.
a5 Rac8 16. Rd2 Qb7 17. Nd5 Nbxd5 18. exd5 e4 19. Be2 Rfe8 20. g4 Kh8 21. g5
Ng8 22. Bh5 g6 23. Bg4 Bf8 24. h4 Ne7 25. Bd4+ Kg8 26. Bxd7 Qxd7 27. Bf6 e3 28.
Rh2 Qf5 29. Bxe7 Qe4+ 30. Kg1 Rxe7 31. Qd4 Qf5 32. Re1 Bg7 33. Qd3 Qxf4 34. c3
Qg3+ 0-1

[Event "Andorra open"]
[Site "Escaldes"]
[Date "2023.07.28"]
[Round "7.20"]
[White "Ortega Lopez, Mikel"]
[Black "Fernandez Rubio, Rafael"]
[Result "1-0"]
[WhiteElo "2240"]
[BlackElo "2065"]
[PlyCount "113"]
[EventDate "2023.07.22"]
[EventCountry "AND"]

1. e4 d5 2. exd5 Qxd5 3. Nc3 Qa5 4. Bc4 Nf6 5. d3 c6 6. Qe2 Nbd7 7. Nf3 b5 8.
Bb3 Nc5 9. Bd2 Nxb3 10. cxb3 e6 11. d4 b4 12. Na4 Ba6 13. Qe5 Nd5 14. Rc1 Qb5
15. Qe4 Bd6 16. Ne5 Bxe5 17. dxe5 O-O 18. Nc5 Rfd8 19. Qc4 Nb6 20. Qxb5 Bxb5
21. Bxb4 Rd5 22. f4 a5 23. Bd2 a4 24. Ne4 axb3 25. axb3 Rd3 26. Nc5 Rd4 27. Be3
Rb4 28. Kf2 Nd5 29. Ra1 Rxa1 30. Rxa1 h5 31. g3 Nxe3 32. Kxe3 Kh7 33. Rd1 Kg6
34. h3 Kf5 35. Kf3 g5 36. Rd7 gxf4 37. Rxf7+ Kxe5 38. Rxf4 Rxf4+ 39. gxf4+ Kf5
40. Ne4 Be2+ 41. Ke3 Bd1 42. b4 Bc2 43. Ng3+ Kg6 44. h4 Bd1 45. Kd4 Kf6 46. Kc5
Bf3 47. Kd6 Kf7 48. f5 exf5 49. Nxf5 Kf6 50. Nd4 Bg2 51. Nxc6 Kf5 52. b5 Bf1
53. b6 Ba6 54. Ne5 Kf4 55. b4 Kg3 56. Ng6 Kg4 57. b5 1-0

[Event "Andorra open"]
[Site "Escaldes"]
[Date "2023.07.29"]
[Round "8.1"]
[White "Sumets, Andrey"]
[Black "Galperin, Platon"]
[Result "1/2-1/2"]
[WhiteElo "2515"]
[BlackElo "2566"]
[PlyCount "46"]
[EventDate "2023.07.22"]
[EventCountry "AND"]

1. d4 d5 2. c4 e6 3. Nf3 Nf6 4. Nc3 c5 5. cxd5 exd5 6. Bg5 Be6 7. Bxf6 Qxf6 8.
e4 dxe4 9. Nxe4 Qf4 10. Nxc5 Bxc5 11. dxc5 Nc6 12. a3 O-O 13. Be2 Rad8 14. Qc1
Qe4 15. Qe3 Qc2 16. Qc1 Qe4 17. Qe3 Qc2 18. Qc1 Qg6 19. O-O Bh3 20. Nh4 Qf6 21.
Nf3 Qg6 22. Nh4 Qf6 23. Nf3 Qg6 1/2-1/2

[Event "Andorra open"]
[Site "Escaldes"]
[Date "2023.07.29"]
[Round "8.2"]
[White "Lubbe, Nikolas"]
[Black "Bilych, Olexiy"]
[Result "1/2-1/2"]
[WhiteElo "2501"]
[BlackElo "2437"]
[PlyCount "119"]
[EventDate "2023.07.22"]
[EventCountry "AND"]

1. d4 d5 2. Nf3 Nf6 3. c4 e6 4. e3 Be7 5. b3 O-O 6. Bd3 c5 7. O-O cxd4 8. exd4
b6 9. Bb2 Bb7 10. Nbd2 Nbd7 11. Rc1 Rc8 12. Qe2 Nh5 13. g3 Nhf6 14. Rfd1 Re8
15. Ne5 dxc4 16. bxc4 Nxe5 17. dxe5 Nd7 18. Be4 Bc6 19. Qg4 Ba4 20. Nb3 Qc7 21.
Re1 Nc5 22. Bc2 Bc6 23. Bd4 Red8 24. Bxc5 Bxc5 25. Be4 Ba4 26. Qh4 g6 27. Qf4
Bxb3 28. axb3 Rd7 29. h4 Rcd8 30. Re2 f5 31. exf6 Qxf4 32. gxf4 Kf7 33. h5 gxh5
34. Kg2 Rd2 35. Kf3 Rd1 36. Rxd1 Rxd1 37. Bc2 Rc1 38. f5 e5 39. Ke4 Rf1 40.
Kxe5 Rxf2 41. Rxf2 Bxf2 42. Bd1 Bg3+ 43. Ke4 h4 44. Bg4 a5 45. Bh3 Kxf6 46. Kd5
Bf2 47. Ke4 Bc5 48. Kd5 h5 49. Ke4 Ba3 50. Kd5 Ke7 51. Kc6 Bc5 52. Kd5 Kd7 53.
f6+ Ke8 54. Ke6 Kf8 55. Kf5 Kf7 56. Bg2 Bd4 57. Bd5+ Kf8 58. Bg2 h3 59. Bxh3
Kf7 60. Kg5 1/2-1/2

[Event "Andorra open"]
[Site "Escaldes"]
[Date "2023.07.29"]
[Round "8.3"]
[White "Decuigniere, Tom"]
[Black "Cuartas, Jaime Alexander"]
[Result "1/2-1/2"]
[WhiteElo "2393"]
[BlackElo "2526"]
[PlyCount "71"]
[EventDate "2023.07.22"]
[EventCountry "AND"]

1. d4 Nf6 2. c4 e6 3. Nc3 Bb4 4. g3 d5 5. Bg2 O-O 6. Nf3 dxc4 7. a3 Be7 8. Ne5
c5 9. dxc5 Qxd1+ 10. Nxd1 Bxc5 11. O-O Nc6 12. Nxc4 Nd4 13. Be3 Nd5 14. Bxd4
Bxd4 15. e3 Bf6 16. Rc1 Bd7 17. e4 Nb6 18. e5 Bg5 19. Nxb6 axb6 20. f4 Be7 21.
Bxb7 Ra7 22. Bf3 b5 23. Nc3 b4 24. axb4 Bxb4 25. Kg2 Rb8 26. Rc2 Kf8 27. Rfc1
Bc5 28. Nb5 Rxb5 29. Rxc5 Rxb2+ 30. R1c2 Raa2 31. Be4 Rxc2+ 32. Rxc2 Rxc2+ 33.
Bxc2 h6 34. Kf3 Bc6+ 35. Be4 Ba4 36. h4 1/2-1/2

[Event "Andorra open"]
[Site "Escaldes"]
[Date "2023.07.29"]
[Round "8.4"]
[White "Lopez Martinez, Josep Manuel"]
[Black "Roshka, Yevgeniy"]
[Result "1/2-1/2"]
[WhiteElo "2458"]
[BlackElo "2496"]
[PlyCount "82"]
[EventDate "2023.07.22"]
[EventCountry "AND"]

1. Nf3 d5 2. g3 c5 3. Bg2 Nf6 4. O-O e6 5. d4 Nc6 6. c4 dxc4 7. dxc5 Qxd1 8.
Rxd1 Bxc5 9. Nbd2 c3 10. bxc3 O-O 11. Nb3 Be7 12. c4 Bd7 13. Bb2 Rfc8 14. Rac1
Be8 15. Ne5 Kf8 16. h3 Rab8 17. Nxc6 Bxc6 18. Be5 Ra8 19. Bxc6 Rxc6 20. Bxf6
gxf6 21. Rd7 b6 22. Rb7 a6 23. e3 Rac8 24. Nd4 Rd6 25. Ra7 a5 26. Rb7 f5 27.
Rc2 Bf6 28. Nb5 Rdc6 29. Rd2 Rd8 30. Rxd8+ Bxd8 31. Rb8 Ke7 32. Rb7+ Kf8 33.
Rb8 Ke7 34. Rb7+ Kf6 35. Rb8 Be7 36. Nd4 Rxc4 37. Rxb6 Bb4 38. Kg2 Rc3 39. Ra6
Rc1 40. a3 Bxa3 41. Rxa5 Bb2 1/2-1/2

[Event "Andorra open"]
[Site "Escaldes"]
[Date "2023.07.29"]
[Round "8.5"]
[White "Christiansen, Johan-Sebastian"]
[Black "Urriza Iricibar, Pablo"]
[Result "1-0"]
[WhiteElo "2603"]
[BlackElo "2257"]
[PlyCount "59"]
[EventDate "2023.07.22"]
[EventCountry "AND"]

1. e4 c5 2. Nf3 d6 3. c3 Nf6 4. Be2 Bg4 5. O-O Nc6 6. d4 e5 7. d5 Nb8 8. Ne1
Bxe2 9. Qxe2 Be7 10. c4 O-O 11. Nc3 Ne8 12. Nd3 Nd7 13. a3 a6 14. Be3 Bg5 15.
Rab1 Bxe3 16. Qxe3 Rc8 17. g3 Nef6 18. f3 Qa5 19. Rfc1 b5 20. cxb5 c4 21. Nb4
axb5 22. Nc6 Rxc6 23. dxc6 Nc5 24. Rd1 Rd8 25. Rxd6 Rxd6 26. Qxc5 Qc7 27. Nd5
Nd7 28. Qxb5 Qa7+ 29. Kg2 Nf6 30. c7 1-0

[Event "Andorra open"]
[Site "Escaldes"]
[Date "2023.07.29"]
[Round "8.6"]
[White "Rasmussen, Allan Stig"]
[Black "Ventura Bolet, Maxim"]
[Result "1/2-1/2"]
[WhiteElo "2531"]
[BlackElo "2204"]
[PlyCount "119"]
[EventDate "2023.07.22"]
[EventCountry "AND"]

1. e4 e5 2. Nf3 Nc6 3. Bb5 Nf6 4. d3 Bc5 5. Bxc6 dxc6 6. Nbd2 Be6 7. O-O Nd7 8.
Nb3 Bb6 9. Qe1 a5 10. Be3 a4 11. Nbd2 a3 12. b3 f6 13. Bxb6 Nxb6 14. Qe3 O-O
15. c3 Bf7 16. h3 Qe7 17. Rad1 Rfe8 18. Nh4 c5 19. Nf5 Qf8 20. f4 Nd7 21. fxe5
Nxe5 22. Nf3 Bg6 23. N5h4 Ra6 24. Nxe5 Rxe5 25. Qg3 Qe8 26. Nf3 Re7 27. Ne1 Rd6
28. Rc1 Red7 29. Qf2 b6 30. Rc2 Qe5 31. Qe3 Qe8 32. Qc1 Qa8 33. Rcf2 Rd8 34.
Rf3 b5 35. Qf4 c4 36. dxc4 bxc4 37. e5 fxe5 38. Qxc4+ Qd5 39. Qxc7 e4 40. Re3
R8d7 41. Qb8+ Rd8 42. Qb4 Qd2 43. Qc4+ Kh8 44. Re2 Qg5 45. Nc2 Rd1 46. Ne3
Rxf1+ 47. Nxf1 h6 48. Re1 Rd3 49. b4 Bf5 50. b5 Bxh3 51. Qxe4 Rxc3 52. b6 Qc5+
53. Kh1 Qxb6 54. gxh3 Qf2 55. Nh2 Rxh3 56. Qe8+ Kh7 57. Qe4+ Kh8 58. Qe8+ Kh7
59. Qe4+ Kh8 60. Qe8+ 1/2-1/2

[Event "Andorra open"]
[Site "Escaldes"]
[Date "2023.07.29"]
[Round "8.7"]
[White "Arpan, Das (Jr)"]
[Black "Almeida Quintana, Omar"]
[Result "1-0"]
[WhiteElo "2365"]
[BlackElo "2508"]
[PlyCount "81"]
[EventDate "2023.07.22"]
[EventCountry "AND"]

1. e4 d6 2. d4 Nf6 3. Nc3 g6 4. Be3 c6 5. h3 Bg7 6. g4 h5 7. g5 Nfd7 8. f4 b5
9. a3 Nb6 10. Nf3 d5 11. e5 Bf5 12. Bd3 e6 13. b3 N8d7 14. Nh4 Nc8 15. Kf2 a6
16. a4 b4 17. Ne2 Ne7 18. Rc1 Qb6 19. Qd2 O-O 20. Ng3 Bxd3 21. cxd3 Rfc8 22.
Qb2 Rc7 23. Rc2 Rac8 24. Rhc1 Bf8 25. Ke2 a5 26. Kd2 Nf5 27. Ngxf5 exf5 28. e6
Nb8 29. Re1 Bg7 30. exf7+ Kxf7 31. Nf3 c5 32. Ne5+ Bxe5 33. fxe5 cxd4 34. Rxc7+
Qxc7 35. e6+ Ke8 36. Bxd4 Qg3 37. Bc5 Qxg5+ 38. Be3 Qe7 39. Qh8+ Qf8 40. Qh7 f4
41. Ba7 1-0

[Event "Andorra open"]
[Site "Escaldes"]
[Date "2023.07.29"]
[Round "8.8"]
[White "Ohler, Julius"]
[Black "Arizmendi Martinez, Julen Luis"]
[Result "0-1"]
[WhiteElo "2141"]
[BlackElo "2501"]
[PlyCount "76"]
[EventDate "2023.07.22"]
[EventCountry "AND"]

1. c4 e5 2. Nc3 Nc6 3. g3 Bc5 4. Bg2 a6 5. e3 d6 6. Nge2 h5 7. d4 Ba7 8. h3 h4
9. g4 f5 10. gxf5 Bxf5 11. d5 Nce7 12. e4 Bd7 13. Qd3 Ng6 14. Be3 Bxe3 15. Qxe3
Qf6 16. O-O-O N8e7 17. Rd2 O-O 18. Ng1 Nf4 19. Bf3 b5 20. c5 b4 21. Nd1 dxc5
22. Qxc5 Qd6 23. Qxd6 cxd6 24. Bg4 Rac8+ 25. Kb1 Bxg4 26. hxg4 Rc4 27. Ne3 Rxe4
28. Rxh4 Rd4 29. Nf3 Rxd2 30. Nxd2 Nfxd5 31. Nec4 Rxf2 32. Ne4 Rf1+ 33. Kc2 Nc6
34. Nexd6 Rf4 35. Rh5 Rxg4 36. Nxe5 Rg2+ 37. Kb3 Nf6 38. Rh4 Nxe5 0-1

[Event "Andorra open"]
[Site "Escaldes"]
[Date "2023.07.29"]
[Round "8.9"]
[White "Persson, Andreas"]
[Black "Shyaamnikhil, P."]
[Result "0-1"]
[WhiteElo "2135"]
[BlackElo "2473"]
[PlyCount "96"]
[EventDate "2023.07.22"]
[EventCountry "AND"]

1. d4 Nf6 2. Nf3 b6 3. g3 Bb7 4. Bg2 g6 5. O-O Bg7 6. c4 O-O 7. Nc3 Ne4 8. Nxe4
Bxe4 9. Be3 d5 10. cxd5 Qxd5 11. Qd2 Nc6 12. Rfd1 Rfd8 13. Qc3 e5 14. dxe5
Qxd1+ 15. Rxd1 Rxd1+ 16. Bf1 Rad8 17. Nd2 Bxe5 18. Qc4 Bd5 19. Qc2 Ra1 20. Nf3
Bf6 21. Bh6 Re8 22. b3 Re7 23. Be3 Rd7 24. Bd2 Bxf3 25. exf3 Nd4 26. Qe4 Ne6
27. Qc2 Nd4 28. Qe4 Kg7 29. Be3 Nf5 30. Kg2 Rxa2 31. Bf4 Re7 32. Qb1 Rb2 33.
Qc1 Rxb3 34. g4 Nh4+ 35. Kh1 g5 36. Bxg5 Bxg5 37. Qxg5+ Ng6 38. Qd5 Rb4 39. Qd2
c5 40. Kg2 h5 41. h3 h4 42. Kh2 Rd4 43. Qc3 Nf4 44. Bb5 a5 45. Bc6 Re2 46. Be4
Rxf2+ 47. Kh1 f6 48. Qc1 Rdd2 0-1

[Event "Andorra open"]
[Site "Escaldes"]
[Date "2023.07.29"]
[Round "8.10"]
[White "Defromont, Benjamin"]
[Black "Ellis, Antoine"]
[Result "1-0"]
[WhiteElo "2445"]
[BlackElo "2084"]
[PlyCount "131"]
[EventDate "2023.07.22"]
[EventCountry "AND"]

1. e4 e5 2. Nf3 Nc6 3. Bb5 a6 4. Ba4 Nf6 5. O-O Be7 6. Re1 b5 7. Bb3 d6 8. c3
O-O 9. h3 Nb8 10. d4 Nbd7 11. c4 c6 12. Nc3 b4 13. Ne2 c5 14. dxe5 Nxe5 15. Ng3
Be6 16. Nxe5 dxe5 17. Qf3 Nd7 18. Be3 Bg5 19. Rad1 Bxe3 20. Rxe3 Qc7 21. Nf5
Nb6 22. Red3 Rad8 23. Nh6+ Kh8 24. Nxf7+ Bxf7 25. Rxd8 Rxd8 26. Rxd8+ Qxd8 27.
Qxf7 h6 28. Qe6 Qf6 29. Qe8+ Kh7 30. g3 Qd6 31. Qf7 Nd7 32. Qd5 Qe7 33. Bd1 Nf6
34. Qd3 Qd7 35. Qxd7 Nxd7 36. Bg4 Nf6 37. Be6 Kg6 38. Bd5 Ne8 39. Kf1 Kf6 40.
Ke2 Nd6 41. Kd3 a5 42. Ke3 Nc8 43. b3 Nb6 44. Bc6 Nc8 45. Kf3 Nd6 46. Bd5 g6
47. Kg4 Nc8 48. f4 Nb6 49. Bc6 Nc8 50. h4 h5+ 51. Kf3 Ne7 52. Bd5 Nc8 53. g4
Nb6 54. Bc6 Ke6 55. Kg3 Kf6 56. gxh5 gxh5 57. Be8 Nc8 58. Bxh5 Nd6 59. Bf3 a4
60. bxa4 Nxc4 61. Bd1 Nd2 62. Bc2 c4 63. a5 c3 64. a6 Nc4 65. a7 Nb6 66. h5 1-0

[Event "Andorra open"]
[Site "Escaldes"]
[Date "2023.07.29"]
[Round "8.11"]
[White "Miranda Mesa, Elier"]
[Black "Nielsen, Andre"]
[Result "1-0"]
[WhiteElo "2503"]
[BlackElo "2211"]
[PlyCount "51"]
[EventDate "2023.07.22"]
[EventCountry "AND"]

1. e4 e5 2. Nf3 Nc6 3. Bb5 a6 4. Ba4 Nf6 5. d3 Bc5 6. Nc3 b5 7. Bb3 d6 8. Nd5
h6 9. c3 O-O 10. Nxf6+ Qxf6 11. Bd5 Bd7 12. Rg1 h5 13. h3 g6 14. g4 hxg4 15.
hxg4 Rab8 16. Bg5 Qg7 17. Nd2 b4 18. Qf3 bxc3 19. bxc3 Rb2 20. Bxc6 Bxc6 21.
Bf6 Qh6 22. g5 Qh5 23. Rh1 Bxf2+ 24. Ke2 Rxd2+ 25. Kxd2 Qxf3 26. Rh8# 1-0

[Event "Andorra open"]
[Site "Escaldes"]
[Date "2023.07.29"]
[Round "8.12"]
[White "Kogan, Arthur"]
[Black "Thakur, Akash"]
[Result "1/2-1/2"]
[WhiteElo "2482"]
[BlackElo "2193"]
[PlyCount "59"]
[EventDate "2023.07.22"]
[EventCountry "AND"]

1. d4 d5 2. Nf3 e6 3. g3 Nf6 4. Bg2 b5 5. a4 b4 6. c4 bxc3 7. bxc3 Nbd7 8. a5
Ba6 9. O-O Bd6 10. Nbd2 O-O 11. Re1 Rb8 12. e4 Nxe4 13. Nxe4 dxe4 14. Rxe4 Bb7
15. Re1 c5 16. a6 Bd5 17. Be3 Qc7 18. Nd2 Bxg2 19. Kxg2 cxd4 20. Bxd4 e5 21.
Be3 Bc5 22. Qf3 Rb6 23. Nc4 Rc6 24. Red1 Nf6 25. Nxe5 Re6 26. Bxc5 Qxc5 27. Nd7
Nxd7 28. Rxd7 Rf6 29. Rd5 Qc6 30. Rf5 1/2-1/2

[Event "Andorra open"]
[Site "Escaldes"]
[Date "2023.07.29"]
[Round "8.13"]
[White "Zoler, Dan"]
[Black "Fortuny Profitos, Jordi"]
[Result "1-0"]
[WhiteElo "2461"]
[BlackElo "2154"]
[PlyCount "53"]
[EventDate "2023.07.22"]
[EventCountry "AND"]

1. d4 Nf6 2. c4 g6 3. Nf3 Bg7 4. g3 O-O 5. Bg2 d6 6. O-O Nbd7 7. Nc3 e5 8. e4
Re8 9. Re1 h6 10. Rb1 Nf8 11. h3 exd4 12. Nxd4 Ne6 13. Be3 Nc5 14. Qc2 a5 15.
Rbd1 Bd7 16. Ndb5 b6 17. f4 Na6 18. Bf2 Qc8 19. e5 dxe5 20. fxe5 Bxh3 21. exf6
Bxg2 22. Rxe8+ Qxe8 23. Kxg2 Bxf6 24. Nd5 Qc6 25. Qe4 Rd8 26. Ne7+ Bxe7 27.
Rxd8+ 1-0

[Event "Andorra open"]
[Site "Escaldes"]
[Date "2023.07.29"]
[Round "8.14"]
[White "Alvarez Albiol, Victor"]
[Black "Ayats Llobera, Gerard"]
[Result "1/2-1/2"]
[WhiteElo "2214"]
[BlackElo "2452"]
[PlyCount "88"]
[EventDate "2023.07.22"]
[EventCountry "AND"]

1. e4 e6 2. d4 d5 3. exd5 exd5 4. Bd3 Nc6 5. c3 Bd6 6. Nf3 Nge7 7. O-O h6 8.
Re1 Bg4 9. Nbd2 Qd7 10. h3 Be6 11. b4 Bf5 12. Bf1 O-O 13. Nb3 Rae8 14. b5 Nd8
15. Ne5 Qc8 16. a4 f6 17. Nd3 Nf7 18. g4 Bh7 19. f4 Be4 20. Nf2 f5 21. Nxe4
dxe4 22. Bg2 Nd5 23. c4 Nxf4 24. Bxf4 Bxf4 25. gxf5 Qxf5 26. Qg4 Qxg4 27. hxg4
Ng5 28. Nc5 Bg3 29. Rf1 e3 30. Bd5+ Kh8 31. Rxf8+ Rxf8 32. Kg2 Bh4 33. Nd3 e2
34. Rh1 e1=Q 35. Nxe1 Rf2+ 36. Kg1 Bg3 37. Nd3 Nf3+ 38. Bxf3 Rxf3 39. Nc5 b6
40. Ne6 Bd6 41. c5 bxc5 42. dxc5 Be7 43. Kg2 Rc3 44. Nxc7 Bxc5 1/2-1/2

[Event "Andorra open"]
[Site "Escaldes"]
[Date "2023.07.29"]
[Round "8.15"]
[White "Vestby-Ellingsen, Mads"]
[Black "Cano Sevilla, Ivan"]
[Result "1-0"]
[WhiteElo "2358"]
[BlackElo "2074"]
[PlyCount "71"]
[EventDate "2023.07.22"]
[EventCountry "AND"]

1. e4 c5 2. Nf3 g6 3. d4 cxd4 4. Nxd4 Nc6 5. c4 Nf6 6. Nc3 d6 7. Be2 Nxd4 8.
Qxd4 Bg7 9. Be3 O-O 10. Qd2 Be6 11. f3 Qa5 12. Rc1 Rfc8 13. b3 a6 14. Na4 Qxd2+
15. Kxd2 Nd7 16. g4 Rcb8 17. Nc3 b5 18. Nd5 Bxd5 19. cxd5 Rc8 20. b4 Kf8 21.
Rxc8+ Rxc8 22. Rc1 Rxc1 23. Kxc1 Bc3 24. a3 f5 25. Kc2 Be1 26. h3 fxe4 27. fxe4
Ke8 28. Kb3 Kd8 29. a4 a5 30. Bxb5 Bxb4 31. Bxd7 Kxd7 32. Kc4 h5 33. gxh5 gxh5
34. Kb5 e6 35. Bb6 exd5 36. exd5 1-0

[Event "Andorra open"]
[Site "Escaldes"]
[Date "2023.07.29"]
[Round "8.16"]
[White "Lubbe, Melanie"]
[Black "Rodriguez Melendez, Juan Humbert"]
[Result "1-0"]
[WhiteElo "2256"]
[BlackElo "2058"]
[PlyCount "103"]
[EventDate "2023.07.22"]
[EventCountry "AND"]

1. e4 c5 2. Nf3 e6 3. d4 cxd4 4. Nxd4 Nc6 5. Nc3 Qc7 6. Be3 a6 7. Be2 Nf6 8.
O-O Be7 9. f4 d6 10. Kh1 O-O 11. Qe1 Bd7 12. Qg3 b5 13. a3 Nxd4 14. Bxd4 Bc6
15. Bd3 Rad8 16. Rae1 Qb7 17. Qh3 g6 18. Rf3 b4 19. Nd1 bxa3 20. bxa3 Qc7 21.
Nf2 e5 22. Ba1 Rb8 23. fxe5 dxe5 24. Qg3 Nd7 25. Ng4 f6 26. Qh4 Bb5 27. Rh3 h5
28. Ne3 Bd8 29. Qg3 Kh7 30. c4 Bc6 31. Nd5 Qd6 32. Be2 Kh6 33. Bc3 Rh8 34. Bd2+
Kg7 35. Bxh5 Nf8 36. Bg4 Bxd5 37. exd5 Bb6 38. Rxh8 Kxh8 39. Bc3 Kg8 40. h4 Bc5
41. Bd2 Rb7 42. Rf1 Rh7 43. a4 Kh8 44. Bh3 Rb7 45. Qf3 Nh7 46. h5 gxh5 47. Qxh5
Qe7 48. Bf5 Qg7 49. Rb1 Rxb1+ 50. Bxb1 Kg8 51. Bh6 Qd7 52. Bxh7+ 1-0